000 00836nam a2200217Ia 4500
003 GCL
008 140319s9999 xx 000 0 ara d
040 _aGCL /
_cGCL
082 0 4 _a327.11
_bك ب
100 1 _aمحمد عبدالحليم ابوغزالة(مترجم)
245 1 0 _aبعد العاصفة التغيرات فى التوازن العسكرى بالشرق الاوسط /
_cمحمد عبدالحليم ابوغزالة(مترجم)
700 1 _aكوردسمان, انتونى هـ.
260 _a[S.N] :
_bدار الهلال للطباعة والنشر
490 _a
650 0 4 _aالعراق
650 0 4 _aالاسلحة
650 0 4 _aحرب الخليج
650 0 4 _aالقوات المسلحة
650 0 4 _aالكويت - تاريخ - انتهاء الاحتلال العراقى (1991)
942 _2ddc
_cBK
999 _c29467
_d29467